000
00453nam a2200145Ia 4500
008
151213s9999 xx 000 0 und d
100
_a
অনিকেত শামীম।
245
_a
লোক
_c
অনিকেত শামীম।
260
_a
ঢাকা
_b
লোক প্রকাশন।
_c
2006
300
_a
8436 p.
650
_a
Bangla
650
_a
Bengali Literature
700
_a
অনিকেত শামীম।
999
_c
4274
_d
4274